| 000 | 00510nam a2200157 a 4500 | ||
|---|---|---|---|
| 001 | 000021642 | ||
| 005 | 20200930011408.0 | ||
| 008 | 100909s2012 dr 000 0 spa d | ||
| 020 | _a9789945489453 | ||
| 040 |
_aDO-SdBNP _bspa _cBNPHU |
||
| 082 |
_axxx _bxxx |
||
| 100 | 1 |
_aHidalgo, Francisco Antonio _945022 |
|
| 245 | 1 | 0 |
_aDiagnóstico y tratamiento de la patología del tracto genital inferior : _bvirus del papiloma humano. |
| 260 |
_aSanto Domingo : _bSantuario, _c2012. |
||
| 300 |
_a122 p. : _bil. ; _c23 cm. |
||
| 999 |
_c21141 _d21141 |
||